Report of the Commission of Inquiry on the Worli and Naigaum B.D.D. Chawls disturbances, Bombay (Record no. 489604)

000 -LEADER
fixed length control field 00419cam a22001097a 4500
008 - FIXED-LENGTH DATA ELEMENTS--GENERAL INFORMATION
fixed length control field 180718b1976 xxu||||| |||| 00| 0 eng d
082 ## - DEWEY DECIMAL CLASSIFICATION NUMBER
Classification number Q812x5442 M278
100 ## - MAIN ENTRY--PERSONAL NAME
Personal name Maharashtra. Commission of Inquiry on the Worli and Naigaum B.D.D. Chawls disturbances
245 ## - TITLE STATEMENT
Title Report of the Commission of Inquiry on the Worli and Naigaum B.D.D. Chawls disturbances, Bombay
260 ## - PUBLICATION, DISTRIBUTION, ETC.
Place of publication, distribution, etc. Bombay
Name of publisher, distributor, etc. The author
Date of publication, distribution, etc. 1976
300 ## - PHYSICAL DESCRIPTION
Extent 391+p.
Holdings
Withdrawn status Lost status Damaged status Not for loan Permanent Location Current Location Date acquired Full call number Barcode Date last seen Price effective from Koha item type
        Indian Institute of Public Administration Indian Institute of Public Administration 2018-08-04 Q812x5442 M278 GG17671 2018-08-04 2018-08-04 GG

Powered by Koha